| 000 | 00390 a2200157 4500 | ||
|---|---|---|---|
| 003 | Nust | ||
| 005 | 20170207171533.0 | ||
| 040 | _cNust | ||
| 082 | _a621.382 | ||
| 100 | _aShahzad, Khurram ( MSEE-16) | ||
| 245 |
_aUplink Interference Mitigation in FEMTO- Cell Networks _cKhurram Shahzad |
||
| 260 |
_aRawalpindi _bMCS,NUST _c2014 |
||
| 300 | _ax, 49 p | ||
| 650 | _aPG Thesis | ||
| 651 | _aMSEE-16 | ||
| 942 | _cTHS | ||
| 999 |
_c217119 _d217119 |
||